000 00584nam a2200229Ia 4500
003 OSt
005 20220924150555.0
006 a|||||r|||| 00| 0
007 ta
008 220923b |||||||| |||| 00| 0 tel d
024 _a333741
037 _cTextual
040 _aARTS
_cARTS
_btel
041 _2tel
_atel
082 _aO35,2MRA3,1, K0
100 _aSastri Radhakrishna
_9222446
245 0 _aJhansirani
260 _c1960
650 _aTELUGU DRAMA
_9173432
942 _hO35,2MRA3,1, K0
_cTEXL
_2CC
999 _c463824
_d463824